000 00406nam a2200169Ia 4500
008 230711s9999||||xx |||||||||||||| ||und||
020 _a978-81-8128-135-7
041 _aENG
082 _a514
_bAR-B
100 _aArmstrong,M.A
245 0 _aBasic topology
250 _a1st Ed.
260 _c2004
_aNew York
_bSpringer Science & Business Media
300 _a251p.
650 _aMathematics
942 _cBK
999 _c5795
_d5795